[Event "Eindhoven WLC op 13th"]
[Site "Eindhoven"]
[Date "2023.05.06"]
[Round "4"]
[White "Hubers, Daan"]
[Black "Van Doren, Bas"]
[Result "0-1"]
[WhiteElo "1767"]
[BlackElo "2092"]
[PlyCount "104"]
[EventDate "2023.05.05"]
[EventType "swiss"]
[EventRounds "6"]
[EventCountry "NED"]
[SourceTitle "CBM 214 Extra"]
[Source "ChessBase"]
[SourceDate "2023.07.31"]
[SourceVersion "1"]
[SourceVersionDate "2023.07.31"]
[SourceQuality "1"]

1. b4 e5 2. Bb2 Bxb4 3. Bxe5 Nf6 4. Nf3 0-0 5. e3 d5 6. a3 Ba5 7. Be2 c5 8. 0-0 Nc6 9. Bb2 Bc7 10. d3 Bg4 11. Nbd2 Qe7 12. Rb1 b6 13. Re1 Rad8 14. Nf1 Bc8 15. Ng3 Ng4 16. Nd4 Qh4 17. Nf3 Qh6 18. Qd2 Rfe8 19. h3 Nxe3 20. Nf1 Nf5 21. Qxh6 Nxh6 22. d4 c4 23. c3 Bf5 24. Rbc1 Bf4 25. Ra1 f6 26. Bd1 Rxe1 27. Nxe1 b5 28. Nc2 a5 29. Nfe3 Be4 30. g3 Bc7 31. Bc1 Nf7 32. Bd2 Ng5 33. a4 bxa4 34. Ne1 Nxh3+ 35. Kf1 Ng5 36. Bxa4 Ne7 37. f4 Ne6 38. N1c2 Rb8 39. Na3 Rb2 40. Ke1 g5 41. Naxc4 dxc4 42. Nxc4 Rb8 43. Kf2 Bd3 44. Ne3 gxf4 45. gxf4 Nxf4 46. Ng4 Ned5 47. Bd7 Rb2 48. Ke1 h5 49. Nh6+ Kf8 50. c4 Ng2+ 51. Kd1 Nge3+ 52. Kc1 Rc2+ 0-1

[Event "Eindhoven WLC op 13th"]
[Site "Eindhoven"]
[Date "2023.05.06"]
[Round "3"]
[White "Van Doren, Bas"]
[Black "Bollen, Guus"]
[Result "0-1"]
[WhiteElo "2092"]
[BlackElo "2182"]
[PlyCount "64"]
[EventDate "2023.05.05"]
[EventType "swiss"]
[EventRounds "6"]
[EventCountry "NED"]
[SourceTitle "CBM 214 Extra"]
[Source "ChessBase"]
[SourceDate "2023.07.31"]
[SourceVersion "1"]
[SourceVersionDate "2023.07.31"]
[SourceQuality "1"]

1. e4 c6 2. d4 d5 3. f3 dxe4 4. fxe4 e5 5. Nf3 Bg4 6. c3 Nd7 7. Bd3 Ngf6 8. 0-0 Bd6 9. Na3 b5 10. Nc2 Qc7 11. Qe1 0-0 12. Kh1 Rfe8 13. Qh4 Nf8 14. Nxe5 Bxe5 15. dxe5 Ng6 16. Qg3 Qxe5 17. Ne3 Qxg3 18. hxg3 Ne5 19. Nxg4 Nexg4 20. Be2 h5 21. Bf4 Nxe4 22. Bf3 Re6 23. a4 g5 24. Bxe4 Rxe4 25. Bxg5 bxa4 26. Bf6 c5 27. Rf5 Rb8 28. Raf1 Rxb2 29. Rxh5 Nxf6 30. Rxf6 a3 31. Rf1 a2 32. Rg5+ Kf8 0-1

[Event "Utrecht Keres Memorial"]
[Site "Utrecht"]
[Date "2022.05.29"]
[Round "6"]
[White "Van Doren, Bas"]
[Black "Ondersteijn, Niels"]
[Result "1/2-1/2"]
[WhiteElo "2102"]
[BlackElo "2376"]
[PlyCount "91"]
[EventDate "2022.05.27"]
[EventType "swiss"]
[EventRounds "6"]
[EventCountry "NED"]
[SourceTitle "CBM 208 Extra"]
[Source "ChessBase"]
[SourceDate "2022.07.31"]
[SourceVersion "1"]
[SourceVersionDate "2022.07.31"]
[SourceQuality "1"]

1. e4 d6 2. d4 Nf6 3. Nc3 g6 4. f4 Bg7 5. Nf3 0-0 6. e5 dxe5 7. fxe5 Nd5 8. Bc4 Nxc3 9. bxc3 c5 10. 0-0 Bg4 11. Be3 Nc6 12. Qd2 Qa5 13. Ng5 cxd4 14. cxd4 Qxd2 15. Bxd2 Nxd4 16. Nxf7 Be6 17. Bxe6 Nxe6 18. Nh6+ Bxh6 19. Bxh6 Rxf1+ 20. Kxf1 g5 21. h4 Rc8 22. hxg5 Rxc2 23. g6 hxg6 24. Be3 b6 25. a4 Nc5 26. Rd1 Kf7 27. a5 bxa5 28. Rd5 Nb3 29. Rd7 a6 30. Bg5 Ke6 31. Ra7 Kxe5 32. Bxe7 Rc6 33. Ke2 Nd4+ 34. Kd3 Nb5 35. Ra8 a4 36. Bf8 Kf4 37. Re8 Kg3 38. Re2 Rc3+ 39. Kd2 a3 40. Bd6+ Kg4 41. Re4+ Kf5 42. Re5+ Kg4 43. Rxb5 axb5 44. Kxc3 b4+ 45. Kb3 Kh4 46. Be5 1/2-1/2

[Event "Eindhoven WLC op 12th"]
[Site "Eindhoven"]
[Date "2022.05.15"]
[Round "6"]
[White "Van Doren, Bas"]
[Black "Cebula, Jerzy"]
[Result "1/2-1/2"]
[WhiteElo "2102"]
[BlackElo "1994"]
[PlyCount "90"]
[EventDate "2022.05.13"]
[EventType "swiss"]
[EventRounds "6"]
[EventCountry "NED"]
[SourceTitle "CBM 208 Extra"]
[Source "ChessBase"]
[SourceDate "2022.07.31"]
[SourceVersion "1"]
[SourceVersionDate "2022.07.31"]
[SourceQuality "1"]

1. e4 e5 2. Nf3 Nc6 3. d4 exd4 4. Nxd4 Nf6 5. Nxc6 bxc6 6. e5 Qe7 7. Qe2 Nd5 8. c4 Ba6 9. Nd2 g6 10. Nf3 Qb4+ 11. Qd2 Bxc4 12. Qxb4 Bxb4+ 13. Bd2 Bxf1 14. Rxf1 Bxd2+ 15. Kxd2 0-0 16. Rad1 Rab8 17. Kc1 Rfe8 18. Rfe1 Kg7 19. g3 Re7 20. Rd3 Nb4 21. Ra3 c5 22. Ree3 c4 23. Ne1 Rb7 24. Ra5 Re8 25. a3 Nc6 26. Rc5 Rb3 27. Rxc4 Rxe3 28. fxe3 Rxe5 29. Kd2 f5 30. Nd3 Rd5 31. Kc2 a5 32. Rc3 Kf6 33. h3 Ke7 34. Nf4 Rb5 35. b3 Kd8 36. Ne6+ dxe6 37. Rxc6 Kd7 38. Ra6 Rc5+ 39. Kd2 Rd5+ 40. Kc2 g5 41. Ra8 Re5 42. Kd2 h6 43. Rh8 Rb5 44. Kc2 Re5 45. Kd2 Rb5 1/2-1/2

[Event "NED-chT Promotion Liga 2b"]
[Site "Netherlands"]
[Date "2021.06.19"]
[Round "2.2"]
[White "Schwartz, Arie"]
[Black "Van Doren, Bas"]
[Result "0-1"]
[WhiteElo "2088"]
[BlackElo "2032"]
[PlyCount "72"]
[EventDate "2021.06.05"]
[EventType "team-k.o."]
[EventRounds "2"]
[EventCountry "NED"]
[SourceTitle "EXT 2024"]
[Source "ChessBase"]
[SourceDate "2023.10.10"]
[SourceVersion "1"]
[SourceVersionDate "2023.10.10"]
[SourceQuality "1"]
[WhiteTeam "Utrecht Oud Zuylen"]
[BlackTeam "WLC"]
[WhiteTeamCountry "NED"]
[BlackTeamCountry "NED"]

1. d4 Nf6 2. c4 g6 3. Nc3 d5 4. Nf3 Bg7 5. Bf4 0-0 6. e3 c5 7. h3 Nc6 8. Be2 dxc4 9. Bxc4 cxd4 10. exd4 Bf5 11. 0-0 Rc8 12. Bb3 Nb4 13. Ne5 Nbd5 14. Nxd5 Nxd5 15. Bg3 Be6 16. Re1 Qb6 17. Qd2 Rfd8 18. Rad1 Nc7 19. Nf3 Bxb3 20. axb3 e6 21. Be5 Qxb3 22. Bxg7 Kxg7 23. Re3 Qd5 24. Re5 Qd6 25. Re4 Nd5 26. Rh4 h5 27. Ne5 Qe7 28. g3 Qf6 29. Re1 Rc7 30. Ree4 Qf5 31. Qe2 Rdc8 32. Kg2 Rc2 33. Qe1 Rc1 34. Qa5 g5 35. Qd2 gxh4 36. Rxh4 R8c2 0-1

[Event "FIDE World Uni Rapid-F 1st"]
[Site "Tornelo INT"]
[Date "2021.03.21"]
[Round "7"]
[White "Van Doren, Bas"]
[Black "Gawande, Sumeet"]
[Result "1-0"]
[WhiteElo "2032"]
[BlackElo "1360"]
[PlyCount "95"]
[EventDate "2021.03.20"]
[EventType "swiss (rapid)"]
[EventRounds "12"]
[EventCountry "NET"]
[SourceTitle "EXT 2022"]
[Source "ChessBase"]
[SourceDate "2021.10.06"]
[SourceVersion "1"]
[SourceVersionDate "2021.10.06"]
[SourceQuality "1"]

1. e4 e5 2. Nf3 Nc6 3. d4 exd4 4. Nxd4 Bc5 5. Be3 Bxd4 6. Bxd4 Nf6 7. Nc3 d6 8. Be3 Be6 9. Be2 0-0 10. f4 d5 11. exd5 Nxd5 12. Nxd5 Bxd5 13. 0-0 f5 14. Bd2 Nd4 15. Bc3 Nxe2+ 16. Qxe2 Be4 17. Rad1 Qe7 18. Qc4+ Kh8 19. Be5 c6 20. Bd6 Qf7 21. Qb4 Rfe8 22. Rd2 b5 23. Rfd1 a5 24. Qc5 Rad8 25. Be5 Rxd2 26. Rxd2 Qxa2 27. Rd7 Qb1+ 28. Kf2 Qxc2+ 29. Qxc2 Bxc2 30. Bxg7+ Kg8 31. Be5 Be4 32. Rg7+ Kf8 33. Rxh7 a4 34. Rd7 Re6 35. h4 Rg6 36. g3 Ke8 37. Rh7 b4 38. h5 Re6 39. h6 a3 40. bxa3 bxa3 41. Rh8+ Kf7 42. Bg7 c5 43. Rd8 c4 44. h7 c3 45. h8Q c2 46. Qg8+ Kg6 47. Qxe6+ Kxg7 48. Rd7+ 1-0

[Event "FIDE World Uni Rapid-F 1st"]
[Site "Tornelo INT"]
[Date "2021.03.21"]
[Round "12"]
[White "Van Doren, Bas"]
[Black "Mourogiannis, Konstantinos"]
[Result "0-1"]
[WhiteElo "2032"]
[BlackElo "1833"]
[PlyCount "172"]
[EventDate "2021.03.20"]
[EventType "swiss (rapid)"]
[EventRounds "12"]
[EventCountry "NET"]
[SourceTitle "EXT 2022"]
[Source "ChessBase"]
[SourceDate "2021.10.06"]
[SourceVersion "1"]
[SourceVersionDate "2021.10.06"]
[SourceQuality "1"]

1. e4 d5 2. exd5 Qxd5 3. Nc3 Qa5 4. d4 Nf6 5. Nf3 Bg4 6. h3 Bxf3 7. Qxf3 c6 8. Bc4 e6 9. 0-0 Be7 10. Bf4 0-0 11. Ne4 Nxe4 12. Qxe4 Qf5 13. Qxf5 exf5 14. d5 Bf6 15. d6 Nd7 16. Rfe1 Rfe8 17. c3 Kf8 18. Bd3 g6 19. Bh6+ Bg7 20. Re7 Nc5 21. Bxg7+ Kxg7 22. Rxe8 Rxe8 23. Rd1 Rd8 24. Bc2 b6 25. Kf1 Nb7 26. d7 Kf6 27. Bb3 Ke7 28. Re1+ Kf8 29. Rd1 Nc5 30. Rd6 Rxd7 31. Rxc6 Nxb3 32. axb3 Rd2 33. Rc7 Rxb2 34. Rxa7 Rxb3 35. Rb7 b5 36. Ke2 Rxc3 37. Rxb5 Kg7 38. Rb4 Ra3 39. g3 g5 40. h4 f6 41. Kf1 h6 42. Kg2 Kg6 43. Rc4 Rd3 44. Rb4 Rd2 45. Ra4 Re2 46. Kf3 Re1 47. Rb4 Rh1 48. Kg2 Re1 49. Kf3 Rc1 50. Ra4 Rc3+ 51. Kg2 Rb3 52. Rc4 Rb5 53. Ra4 Re5 54. Kf3 Rb5 55. Rc4 Ra5 56. Rb4 h5 57. Rc4 Ra3+ 58. Kg2 f4 59. hxg5 f3+ 60. Kg1 Ra1+ 61. Kh2 Ra2 62. Kg1 fxg5 63. Rc5 Ra1+ 64. Kh2 Rf1 65. Rc2 Re1 66. Ra2 Kf5 67. Rb2 Rf1 68. Ra2 Re1 69. Rb2 Re2 70. Rb5+ Re5 71. Rb2 Re4 72. Ra2 Kg4 73. Rb2 h4 74. gxh4 Kxh4 75. Rb8 Re2 76. Rh8+ Kg4 77. Kg1 Re1+ 78. Kh2 Rf1 79. Ra8 Rxf2+ 80. Kg1 Rg2+ 81. Kf1 Rb2 82. Ra1 Kg3 83. Kg1 Rg2+ 84. Kh1 Rh2+ 85. Kg1 f2+ 86. Kf1 Rh1+ 0-1

[Event "FIDE World Uni Rapid-F 1st"]
[Site "Tornelo INT"]
[Date "2021.03.20"]
[Round "6"]
[White "Kevlishvili, Robby"]
[Black "Van Doren, Bas"]
[Result "1-0"]
[WhiteElo "2495"]
[BlackElo "2032"]
[PlyCount "71"]
[EventDate "2021.03.20"]
[EventType "swiss (rapid)"]
[EventRounds "12"]
[EventCountry "NET"]
[SourceTitle "EXT 2022"]
[Source "ChessBase"]
[SourceDate "2021.10.06"]
[SourceVersion "1"]
[SourceVersionDate "2021.10.06"]
[SourceQuality "1"]

1. e4 c5 2. Nf3 e6 3. d4 cxd4 4. Nxd4 a6 5. c4 Nf6 6. Nc3 Qc7 7. a3 b6 8. Be3 Bb7 9. f3 d6 10. Rc1 Nbd7 11. Be2 Be7 12. 0-0 Rc8 13. Qd2 0-0 14. Rfd1 Qb8 15. b4 Rfe8 16. Nb3 Bd8 17. Kh1 Bc7 18. Bf4 Ne5 19. Bxe5 dxe5 20. c5 Red8 21. Qe1 Nd7 22. cxb6 Bxb6 23. Na4 Be3 24. Rxc8 Qxc8 25. Bxa6 Bxa6 26. Qxe3 Nb8 27. Rc1 Qd7 28. Nac5 Qd6 29. h3 Bb5 30. a4 Be8 31. b5 Qb6 32. Qc3 Nd7 33. Nxd7 Bxd7 34. Qc7 Qxc7 35. Rxc7 Kf8 36. Nc5 1-0

[Event "FIDE World Uni Blitz-A 1st"]
[Site "Tornelo INT"]
[Date "2021.03.13"]
[Round "3.18"]
[White "Van Doren, Bas"]
[Black "Antolak, Julia"]
[Result "0-1"]
[WhiteElo "2032"]
[BlackElo "2306"]
[PlyCount "68"]
[EventDate "2021.03.13"]
[EventType "swiss (blitz)"]
[EventRounds "10"]
[EventCountry "NET"]
[SourceTitle "EXT 2022"]
[Source "ChessBase"]
[SourceDate "2021.10.06"]
[SourceVersion "1"]
[SourceVersionDate "2021.10.06"]
[SourceQuality "1"]

1. e4 c5 2. Nf3 e6 3. d4 cxd4 4. Nxd4 Nf6 5. Nc3 d6 6. g4 h6 7. h4 Nc6 8. Nxc6 bxc6 9. Rg1 d5 10. g5 Nxe4 11. Nxe4 dxe4 12. Qxd8+ Kxd8 13. Bg2 hxg5 14. hxg5 Rh4 15. Be3 Kc7 16. 0-0-0 f5 17. Bd4 g6 18. Be5+ Kb6 19. f3 Bc5 20. Rge1 e3 21. c3 Ba6 22. b4 Be7 23. Rd7 Bxg5 24. Bc7+ Kb5 25. Bf1+ e2+ 26. f4 exf1Q 27. Rxf1 Bf6 28. Kb2 Rh3 29. Rc1 Kc4 30. Be5 Bxe5 31. fxe5 Rh2+ 32. Kb1 Kb5 33. Rg1 Rah8 34. Rdd1 R8h6 0-1

[Event "FIDE World Uni Blitz-A 1st"]
[Site "Tornelo INT"]
[Date "2021.03.13"]
[Round "10.26"]
[White "Van Doren, Bas"]
[Black "Mollo, Jhoan"]
[Result "0-1"]
[WhiteElo "2032"]
[BlackElo "2073"]
[PlyCount "100"]
[EventDate "2021.03.13"]
[EventType "swiss (blitz)"]
[EventRounds "10"]
[EventCountry "NET"]
[SourceTitle "EXT 2022"]
[Source "ChessBase"]
[SourceDate "2021.10.06"]
[SourceVersion "1"]
[SourceVersionDate "2021.10.06"]
[SourceQuality "1"]

1. e4 c6 2. d4 d5 3. f3 Nf6 4. Nc3 e6 5. Bf4 dxe4 6. fxe4 Bb4 7. Qd3 b6 8. 0-0-0 Ba6 9. Qe3 Bxf1 10. Rxf1 Nbd7 11. Bg5 h6 12. Bh4 Bxc3 13. Qxc3 Qc7 14. Qd3 Rd8 15. Nf3 Nc5 16. Qe3 Ncxe4 17. Ne5 c5 18. Bxf6 Nxf6 19. Nf3 cxd4 20. Nxd4 0-0 21. Rd1 Rd5 22. Rhf1 Rc8 23. Rf2 Ng4 24. Qf3 Nxf2 25. Qxf2 e5 26. Nf5 Rxd1+ 27. Kxd1 Qd8+ 28. Kc1 Qg5+ 29. Kb1 Rd8 30. a3 Qf4 31. Qxf4 exf4 32. h3 g6 33. Ne7+ Kf8 34. Nc6 Rd7 35. Ne5 Re7 36. Nc6 Rc7 37. Ne5 Ke7 38. Kc1 Kd6 39. Nd3 g5 40. Kd2 f5 41. Ke2 a5 42. c3 Kd5 43. Ne1 Re7+ 44. Kf2 Kc4 45. Nf3 Kb3 46. Nd4+ Kxb2 47. Nxf5 Re6 48. c4 Kxa3 49. Nd4 Rf6 50. Kf3 Kb4 0-1

[Event "FIDE World Uni Blitz-A 1st"]
[Site "Tornelo INT"]
[Date "2021.03.13"]
[Round "8.15"]
[White "Van Doren, Bas"]
[Black "Petr, Jan1111"]
[Result "1-0"]
[WhiteElo "2032"]
[BlackElo "2282"]
[PlyCount "67"]
[EventDate "2021.03.13"]
[EventType "swiss (blitz)"]
[EventRounds "10"]
[EventCountry "NET"]
[SourceTitle "EXT 2022"]
[Source "ChessBase"]
[SourceDate "2021.10.06"]
[SourceVersion "1"]
[SourceVersionDate "2021.10.06"]
[SourceQuality "1"]

1. e4 e5 2. Nf3 Nc6 3. d4 exd4 4. Nxd4 Nf6 5. Nxc6 bxc6 6. e5 Qe7 7. Qe2 Nd5 8. c4 Ba6 9. Nd2 g6 10. Nf3 Bg7 11. Bg5 f6 12. exf6 Nxf6 13. 0-0-0 Qxe2 14. Bxe2 d6 15. Rhe1 Kf7 16. Be3 Rab8 17. Ng5+ Kg8 18. Bd4 c5 19. Bc3 Bc8 20. Bf3 h6 21. Bd5+ Nxd5 22. Re8+ Bf8 23. Bxh8 Nb4 24. Ne6 Nxa2+ 25. Kb1 Nc3+ 26. Bxc3 Bxe6 27. Rxb8 Bxc4 28. Re1 Kf7 29. Rb7 Bd3+ 30. Ka1 Bf5 31. Rxc7+ Kg8 32. Re8 d5 33. Rg7+ Kh8 34. Rxf8# 1-0

[Event "Charleroi op"]
[Site "Roux"]
[Date "2019.08.03"]
[Round "9"]
[White "Faybish, Nimrod"]
[Black "Van Doren, Bas"]
[Result "0-1"]
[WhiteElo "2220"]
[BlackElo "1976"]
[PlyCount "78"]
[EventDate "2019.07.27"]
[EventType "swiss"]
[EventRounds "9"]
[EventCountry "BEL"]
[SourceTitle "CBM 191 Extra"]
[Source "ChessBase"]
[SourceDate "2019.09.30"]
[SourceVersion "1"]
[SourceVersionDate "2019.09.30"]
[SourceQuality "1"]

1. d4 Nf6 2. c4 g6 3. Nc3 d5 4. cxd5 Nxd5 5. e4 Nxc3 6. bxc3 Bg7 7. Be3 c5 8. Qd2 cxd4 9. cxd4 Nc6 10. Rd1 0-0 11. d5 Qa5 12. Qxa5 Nxa5 13. Bd2 b6 14. Bb4 f5 15. Bxe7 Bc3+ 16. Ke2 Re8 17. d6 Nc6 18. Kd3 Bg7 19. Bg5 Rxe4 20. Kc2 Nb4+ 21. Kb1 Be6 22. d7 Bxd7 23. f3 Ree8 24. Bc4+ Be6 25. Bxe6+ Rxe6 26. Nh3 Rc8 27. Rc1 Rc5 28. Nf4 Rec6 29. Rxc5 bxc5 30. a3 Ra6 31. Rd1 h6 32. Rd8+ Kh7 33. axb4 hxg5 34. Nh3 cxb4 35. Nxg5+ Kh6 36. h4 b3 37. Nf7+ Kh5 38. g4+ Kxh4 39. Kc1 b2+ 0-1

[Event "Charleroi op"]
[Site "Roux"]
[Date "2019.08.01"]
[Round "7"]
[White "Hoffmeister, Frank"]
[Black "Van Doren, Bas"]
[Result "1-0"]
[WhiteElo "2187"]
[BlackElo "1976"]
[PlyCount "81"]
[EventDate "2019.07.27"]
[EventType "swiss"]
[EventRounds "9"]
[EventCountry "BEL"]
[SourceTitle "CBM 191 Extra"]
[Source "ChessBase"]
[SourceDate "2019.09.30"]
[SourceVersion "1"]
[SourceVersionDate "2019.09.30"]
[SourceQuality "1"]

1. d4 Nf6 2. c4 g6 3. Nc3 d5 4. Nf3 Bg7 5. Bf4 c6 6. e3 0-0 7. h3 Nbd7 8. cxd5 Nxd5 9. Nxd5 cxd5 10. Bd3 Nb6 11. 0-0 Bd7 12. Rc1 Nc4 13. Qe2 Qb6 14. b3 Nd6 15. Ne5 Be6 16. Rc5 Rfc8 17. Rfc1 a5 18. R1c3 Rxc5 19. Rxc5 a4 20. Bc2 axb3 21. Bxb3 Ne4 22. Qb5 Qxb5 23. Rxb5 Rc8 24. f3 Rc1+ 25. Kh2 Nd2 26. Rxb7 h5 27. e4 Nxb3 28. axb3 Rc3 29. b4 Bf6 30. b5 g5 31. Bd2 Rc2 32. Bb4 Bxe5+ 33. dxe5 dxe4 34. fxe4 Rc4 35. Bxe7 Rxe4 36. Bf6 g4 37. hxg4 hxg4 38. Kg3 Rb4 39. Kh4 Rb1 40. Rb8+ Kh7 41. Kg5 1-0

[Event "Charleroi op"]
[Site "Roux"]
[Date "2019.07.28"]
[Round "2"]
[White "Van Doren, Bas"]
[Black "Boucquet, Emile"]
[Result "0-1"]
[WhiteElo "1976"]
[BlackElo "2064"]
[PlyCount "40"]
[EventDate "2019.07.27"]
[EventType "swiss"]
[EventRounds "9"]
[EventCountry "BEL"]
[SourceTitle "CBM 191 Extra"]
[Source "ChessBase"]
[SourceDate "2019.09.30"]
[SourceVersion "1"]
[SourceVersionDate "2019.09.30"]
[SourceQuality "1"]

1. e4 c5 2. Nf3 d6 3. d4 Nf6 4. Nc3 cxd4 5. Nxd4 a6 6. Bg5 Nbd7 7. Qe2 b5 8. f4 Bb7 9. e5 b4 10. exf6 bxc3 11. fxe7 Bxe7 12. 0-0-0 cxb2+ 13. Kb1 Nc5 14. Nf5 Ne4 15. Qe3 Qa5 16. Rd3 Qxf5 17. Bxe7 Kxe7 18. g4 Qc5 19. Rd4 Rhe8 20. Bd3 Kf8 0-1

[Event "Charleroi op"]
[Site "Roux"]
[Date "2019.07.27"]
[Round "1"]
[White "Lacroix, Bruno"]
[Black "Van Doren, Bas"]
[Result "1/2-1/2"]
[WhiteElo "2152"]
[BlackElo "1976"]
[PlyCount "80"]
[EventDate "2019.07.27"]
[EventType "swiss"]
[EventRounds "9"]
[EventCountry "BEL"]
[SourceTitle "CBM 191 Extra"]
[Source "ChessBase"]
[SourceDate "2019.09.30"]
[SourceVersion "1"]
[SourceVersionDate "2019.09.30"]
[SourceQuality "1"]

1. e4 c5 2. Nf3 e6 3. c3 Nf6 4. e5 Nd5 5. d4 cxd4 6. cxd4 d6 7. Bd3 Nd7 8. 0-0 dxe5 9. dxe5 Nc5 10. Bc4 Be7 11. Bxd5 Qxd5 12. Qxd5 exd5 13. Nc3 Be6 14. Bg5 Rc8 15. Bxe7 Kxe7 16. Rfd1 Rhd8 17. Rd4 b6 18. h3 Ne4 19. Nxe4 dxe4 20. Rxe4 Rc2 21. Nd4 Rc7 22. a3 g6 23. Nxe6 Kxe6 24. Rae1 Rd2 25. R1e2 Rc1+ 26. Kh2 Rcc2 27. Rxd2 Rxd2 28. f4 Rxb2 29. Rd4 Rb3 30. a4 a5 31. g4 Rb4 32. Rd6+ Ke7 33. Kg3 h6 34. Kf3 Rxa4 35. Rxb6 Rb4 36. Ra6 a4 37. f5 gxf5 38. gxf5 Rh4 39. Ra7+ Kf8 40. Kg3 Re4 1/2-1/2

[Event "NED-ch U18/20"]
[Site "Assen"]
[Date "2017.04.29"]
[Round "9"]
[White "Hartevelt, Leendert"]
[Black "Van Doren, Bas"]
[Result "0-1"]
[WhiteElo "1777"]
[BlackElo "1755"]
[PlyCount "60"]
[EventDate "2017.04.23"]
[EventType "swiss"]
[EventRounds "9"]
[EventCountry "NED"]
[SourceTitle "CBM 178 Extra"]
[Source "ChessBase"]
[SourceDate "2017.06.22"]
[SourceVersion "1"]
[SourceVersionDate "2017.06.22"]
[SourceQuality "1"]

1. b3 f5 2. Bb2 d6 3. e3 e5 4. Ne2 Nf6 5. Nbc3 Be7 6. g3 0-0 7. Bg2 Qe8 8. d4 Nc6 9. Nd5 Bd8 10. 0-0 Qh5 11. Nxf6+ Bxf6 12. c4 Nd8 13. Nc3 Qh6 14. Nb5 Ne6 15. d5 Ng5 16. Nxc7 Rb8 17. Qe2 f4 18. exf4 exf4 19. Bxf6 Rxf6 20. gxf4 Nh3+ 21. Kh1 Nxf4 22. Qe8+ Rf8 23. Qe3 Bg4 24. Ne6 Rbe8 25. Rae1 Rf6 26. Rg1 Qh4 27. Qg3 Qxg3 28. fxg3 Nd3 29. Be4 Nf2+ 30. Kg2 Bh3# 0-1

[Event "NED-ch U18/20"]
[Site "Assen"]
[Date "2017.04.24"]
[Round "2"]
[White "Van Doren, Bas"]
[Black "De Boer, Sipke"]
[Result "1-0"]
[WhiteElo "1755"]
[BlackElo "1363"]
[PlyCount "61"]
[EventDate "2017.04.23"]
[EventType "swiss"]
[EventRounds "9"]
[EventCountry "NED"]
[SourceTitle "CBM 178 Extra"]
[Source "ChessBase"]
[SourceDate "2017.06.22"]
[SourceVersion "1"]
[SourceVersionDate "2017.06.22"]
[SourceQuality "1"]

1. e4 d5 2. exd5 Qxd5 3. Nc3 Qa5 4. d4 Nf6 5. Bd2 c6 6. h3 Bf5 7. Nf3 Nbd7 8. Bc4 e6 9. a3 h6 10. 0-0 Qc7 11. Re1 Bd6 12. b4 0-0 13. Bb3 a5 14. b5 cxb5 15. Nxb5 Qb6 16. a4 Ne8 17. Nh4 Bh7 18. Be3 Qc6 19. d5 exd5 20. Bxd5 Qxc2 21. Qf3 Ne5 22. Qg3 Nd3 23. Nxd6 Nxe1 24. Nxe8 Rfxe8 25. Bd4 g5 26. Qd6 Ra6 27. Qd7 Rf8 28. Rxe1 gxh4 29. Bxf7+ Rxf7 30. Re8+ Rf8 31. Qg7# 1-0

[Event "NED-ch U18/20"]
[Site "Assen"]
[Date "2017.04.23"]
[Round "1"]
[White "Warmerdam, Max"]
[Black "Van Doren, Bas"]
[Result "1-0"]
[WhiteElo "2351"]
[BlackElo "1755"]
[PlyCount "79"]
[EventDate "2017.04.23"]
[EventType "swiss"]
[EventRounds "9"]
[EventCountry "NED"]
[SourceTitle "CBM 178 Extra"]
[Source "ChessBase"]
[SourceDate "2017.06.22"]
[SourceVersion "1"]
[SourceVersionDate "2017.06.22"]
[SourceQuality "1"]

1. e4 c5 2. Nf3 Nc6 3. d4 cxd4 4. Nxd4 e5 5. Nb5 a6 6. Nd6+ Bxd6 7. Qxd6 Qf6 8. Qxf6 Nxf6 9. Nc3 Nb4 10. Bd3 d5 11. exd5 Nfxd5 12. Nxd5 Nxd5 13. Bd2 0-0 14. 0-0-0 Be6 15. Rhe1 f6 16. f4 Bg4 17. Bc4 Be6 18. fxe5 Rac8 19. Bb3 f5 20. Bb4 Rxc2+ 21. Kxc2 Nxb4+ 22. Kb1 Bxb3 23. axb3 Kf7 24. Rd7+ Kg6 25. Rxb7 Nd3 26. Re3 Nc5 27. Rg3+ Kh6 28. Rh3+ Kg6 29. Rb6+ Kf7 30. Rc3 Ne6 31. Rcc6 Re8 32. Rxa6 Re7 33. b4 Nf4 34. b5 Nxg2 35. b6 f4 36. Ra7 f3 37. Rxe7+ Kxe7 38. b7 f2 39. Rc1 Ne1 40. b8Q 1-0

[Event "NED-ch U16"]
[Site "Rotterdam"]
[Date "2016.05.07"]
[Round "9"]
[White "Van Hoorn, Geert"]
[Black "Van Doren, Bas"]
[Result "0-1"]
[WhiteElo "1902"]
[BlackElo "1527"]
[PlyCount "54"]
[EventDate "2016.04.29"]
[EventType "swiss"]
[EventRounds "9"]
[EventCountry "NED"]
[SourceTitle "CBM 172 Extra"]
[Source "ChessBase"]
[SourceDate "2016.06.21"]
[SourceVersion "1"]
[SourceVersionDate "2016.06.21"]
[SourceQuality "1"]

1. e4 c5 2. Nc3 Nc6 3. f4 e6 4. Nf3 Nge7 5. Bb5 g6 6. 0-0 Bg7 7. d3 f5 8. e5 a6 9. Bxc6 Nxc6 10. Be3 d6 11. Qe2 dxe5 12. Nxe5 Nxe5 13. fxe5 Bxe5 14. Bxc5 Bxh2+ 15. Kh1 Qh4 16. Rf3 Bg3+ 17. Kg1 Kf7 18. Ne4 Bc7 19. Nd6+ Bxd6 20. Bb6 Bd7 21. Re1 Rac8 22. Rh3 Qb4 23. Be3 Rxc2 24. Qf1 Qxb2 25. g4 Bc6 26. Bf2 Rxf2 27. Qxf2 Bc5 0-1

[Event "NED-ch U16"]
[Site "Rotterdam"]
[Date "2016.05.01"]
[Round "3"]
[White "Nguyen, Sang"]
[Black "Van Doren, Bas"]
[Result "1-0"]
[WhiteElo "1832"]
[BlackElo "1527"]
[PlyCount "53"]
[EventDate "2016.04.29"]
[EventType "swiss"]
[EventRounds "9"]
[EventCountry "NED"]
[SourceTitle "CBM 172 Extra"]
[Source "ChessBase"]
[SourceDate "2016.06.21"]
[SourceVersion "1"]
[SourceVersionDate "2016.06.21"]
[SourceQuality "1"]

1. d4 Nf6 2. Nf3 e6 3. Bf4 c5 4. e3 d5 5. c3 Nc6 6. Nbd2 Qb6 7. Qc2 Bd7 8. Be2 Rc8 9. Nb3 Ne4 10. 0-0 Be7 11. dxc5 Bxc5 12. Nxc5 Qxc5 13. Ne5 Nxe5 14. Bxe5 f6 15. Bg3 Nxg3 16. hxg3 e5 17. Bh5+ g6 18. Bf3 e4 19. Be2 0-0 20. Rfd1 Kh8 21. Rd4 Be6 22. Qd2 f5 23. Bd1 Rc6 24. Bb3 Rb6 25. Bxd5 Bxd5 26. Rxd5 Rxb2 27. Qxb2 1-0

[Event "NED-ch U14 op"]
[Site "Borne"]
[Date "2013.08.09"]
[Round "7"]
[White "Kanger, Martijn"]
[Black "Van Doren, Bas"]
[Result "1-0"]
[WhiteElo "1332"]
[BlackElo "1103"]
[PlyCount "21"]
[EventDate "2013.08.05"]
[EventType "swiss"]
[EventRounds "9"]
[EventCountry "NED"]
[SourceTitle "EXT 2015"]
[Source "ChessBase"]
[SourceDate "2014.11.20"]
[SourceVersion "1"]
[SourceVersionDate "2014.11.20"]
[SourceQuality "1"]

1. e4 e5 2. Nf3 Nc6 3. Nc3 Nf6 4. Bb5 d6 5. d4 exd4 6. Nxd4 Bd7 7. Bxc6 Bxc6 8. Nxc6 bxc6 9. Bg5 g6 10. e5 dxe5 11. Qxd8+ 1-0

[Event "NED-ch U14 op"]
[Site "Borne"]
[Date "2013.08.07"]
[Round "4"]
[White "Van Doren, Bas"]
[Black "Calje, Fong Li"]
[Result "0-1"]
[WhiteElo "1103"]
[BlackElo "1230"]
[PlyCount "34"]
[EventDate "2013.08.05"]
[EventType "swiss"]
[EventRounds "9"]
[EventCountry "NED"]
[SourceTitle "EXT 2015"]
[Source "ChessBase"]
[SourceDate "2014.11.20"]
[SourceVersion "1"]
[SourceVersionDate "2014.11.20"]
[SourceQuality "1"]

1. e4 e5 2. Nf3 Nc6 3. d4 exd4 4. Nxd4 Bc5 5. Be3 Be7 6. Nc3 Nf6 7. Bc4 0-0 8. 0-0 Bb4 9. Nde2 d6 10. a3 Ba5 11. b4 Bb6 12. Bxb6 axb6 13. f4 Be6 14. Qd3 Ng4 15. Rf3 Nce5 16. fxe5 Nxe5 17. Qd4 c5 0-1